000 00935nam a2200301 a 4500
999 _c5227
_d5227
001 2862400
003 GBCCL
005 20241126110536.0
008 870210s1986 ilua be 001 0deng
010 _a 85080367
020 _a0852294344 (set)
040 _aDLC
_cDLC
_dDLC
050 0 0 _aAE5
_b.E363 1986
082 0 0 _a031
_219
_bENC
245 0 4 _aThe New Encyclopaedia Britannica.
250 _a15th ed.
260 _aChicago :
_bEncyclopaedia Britannica,
_cc1986.
300 _a32 v. :
_bill. (some col.) ;
_c29 cm.
500 _aSpine title: Britannica.
500 _aIncludes Propædia (1 v.) and Index (2 v.)
504 _aIncludes bibliographies.
505 0 _av. 1-12. Micropædia -- v. 13-29. Macropædia.
650 0 _aEncyclopedias and dictionaries.
_99428
710 2 _aEncyclopædia Britannica, inc.
_99429
740 0 _aBritannica.
906 _a7
_bcbc
_corignew
_d2
_eopcn
_f19
_gy-gencatlg
942 _2ddc
_cREF